| 000 | 00888cab a2200241 4500 | ||
|---|---|---|---|
| 001 | ABS44726 | ||
| 008 | 090401t1991 xxu||||| |||| 00| 0 eng d | ||
| 035 | _a(Sirsi) u48783 | ||
| 041 | _aeng | ||
| 110 |
_aGraham. T _92366 |
||
| 245 | _aDuplicate planning applications : a Scottish view point | ||
| 260 | _c1991 | ||
| 350 | _a0 | ||
| 490 |
_aSolicitors` Journal _v135(19) 17 May 1991, 606-7(2) |
||
| 520 | _aDiscusses two Scottish cases "James Aitken and Sons (Meat Producers) Ltd v City of Edinburgh" (1990) and "Trusthouse Forte (UK) Ltd v Perth and Kinross DC" (1990) which concerned duplicate planning applications . | ||
| 650 | _aARLINGTON SECURITIES LTD V SOS ENVIRONMENT | ||
| 650 | _aBATH SOCIETY V SOS ENVIRONMENT | ||
| 650 | _aPLANNING APPLICATIONS | ||
| 650 | _aWEDNESBURY PRINCIPLES | ||
| 690 | _aPLANNING LAW AND PRACTICE | ||
| 942 | _n0 | ||
| 948 | _c04/03/1997 | ||
| 999 |
_c30634 _d30634 |
||